MARC

LEADER 00000nam0a2200000 4500
001 298772
005 20231102001134.0
035 |a (RuTPU)RU\TPU\book\323915 
090 |a 298772 
100 |a 20150620d1956 m y0rusy50 ca 
101 0 |a rus 
102 |a RU 
105 |a a j 001zy 
200 1 |a Тепловые электрические станции  |e учебник для вузов  |f Л. И. Керцелли, В. Я. Рыжкин 
205 |a 2-е изд., испр. и перераб. 
210 |a Москва  |a Ленинград  |c Госэнергоиздат  |d 1956 
215 |a 488 с.  |c ил. 
320 |a Алфавитно-предметный указатель: с. 485-488. 
606 1 |a Тепловые электрические станции  |2 stltpush  |3 (RuTPU)RU\TPU\subj\59599  |9 77109 
610 1 |a тепловая экономичность 
610 1 |a конденсационные электростанции 
610 1 |a ТЭЦ 
610 1 |a теплоэлектроцентрали 
610 1 |a пар 
610 1 |a параметры 
610 1 |a тепловые схемы 
610 1 |a испарительные установки 
610 1 |a переменные режимы 
610 1 |a турбинное оборудование 
610 1 |a котельное оборудование 
610 1 |a трубопроводы 
610 1 |a вспомогательные производства 
610 1 |a компоновка 
610 1 |a дымовые газы 
610 1 |a очистка 
610 1 |a эксплуатация 
610 1 |a экономичность 
610 1 |a зарубежный опыт 
610 1 |a учебники 
675 |a 621.311.22(075.8)  |v 3 
700 1 |a Керцелли  |b Л. И.  |g Леонтий Иванович 
701 1 |a Рыжкин  |b В. Я.  |g Вениамин Яковлевич 
702 1 |a Керцелли  |b Л. И.  |4 340 
801 1 |a RU  |b 63413507  |c 20150620 
801 2 |a RU  |b 63413507  |c 20151028  |g RCR 
942 |c BK